[Event "Druzynowe Mistrzostwa Polski Juniorow - I Liga"]
[Site "Ustron"]
[Date "2011-06-25"]
[Round "1.29"]
[White "Tracz, Marcelina"]
[Black "Barburzynska, Magdalena"]
[Result "1/2-1/2"]
[WhiteTitle "II+"]
[BlackTitle "I++"]
[WhiteElo "1685"]
[BlackElo "1936"]

1. e4 c5 2. Nf3 Nc6 3. d4 cxd4 4. Nxd4 g6 5. Be3 Bg7 6. Nc3 Nf6 7. Be2 O-O 8. O-O
d6 9. Qd2 Bd7 10. f4 Nxd4 11. Bxd4 Bc6 12. Bf3 Qa5 13. a3 e5 14. Bf2 Rfe8 15.
Qxd6 Rad8 16. Qc5 Qxc5 17. Bxc5 b6 18. fxe5 Rxe5 19. Bf2 Nxe4 20. Nxe4 Bxe4 21.
Bg3 Re6 22. c3 Bxf3 23. Rxf3 Rd2 24. Rf2 Ree2 25. Rxe2 Rxe2 26. Re1 Rxe1+ 27.
Bxe1 Bh6 28. c4 Kf8 29. Kf2 Ke7 30. Kf3 Kd6 31. Bb4+ Kc6 32. Ke4 Bg7 33. b3 a5
34. Be7 f6 35. a4 f5+ 1/2-1/2